000 00462nam a2200181Ia 4500
005 20250423101221.0
008 250422s9999 xx 000 0 und d
020 _a9781403144218
050 _aBP 605.S2 .H83/
100 _aHubbard, Ron L.
245 4 _aThe creation of human ability: a handbook for scientologist
260 _aCalifornia
260 _bBridge Publications
260 _c2007
300 _a529 p
650 _a Scientology.
942 _cBK
999 _c35641
_d35641